Sudden Death: Misspellings #4 - Statistics

General Stats
  • This quiz has been taken 508 times
  • The average score is 7 of 16
Answers on the Grid
Answers color-coded by a green-red scale on the quiz's grid according to % correct below.
acreage
adultery
allegience
beautiful
bouyant
category
congratulate
desperate
disastrous
dumbell
exceed
fullfil
harass
heighth
ignorance
marshmallow
memento
neccessary
occassion
omission
pasttime
perseverance
personell
playwrite
quarentine
readable
referred
sieze
supercede
twelth
upholstry
writeing
 
Answer Stats
Answer % Correct
quarantine quarentine
60%
writing writeing
59%
height heighth
57%
twelfth twelth
56%
personnel personell
54%
fulfill fullfil
48%
necessary neccessary
46%
seize sieze
42%
allegiance allegience
38%
dumbbell dumbell
37%
occasion occassion
37%
pastime pasttime
33%
playwright playwrite
33%
upholstery upholstry
33%
buoyant bouyant
31%
supersede supercede
21%
No matching quizzes found
Score Distribution
Percent of People with Each Score
Percentile by Number Answered
Your Score History
You have not taken this quiz